000 00464nam a2200193Ia 4500
008 180207s9999 xx 000 0 und d
020 _a9780749548995
050 _bH716 2006
100 _aHogg, Michelle
245 2 _aA day at the seaside /
245 _cMichelle Hogg.
260 _aHampshire :
260 _bAA Publishing,
260 _c2006
300 _aunpaged :
300 _bcolor illustration ;
300 _c20cm.
440 _aPatrolman Pete.
999 _c355334
_d355334